| 000 | 00738nam a2200205 a 4500 | ||
|---|---|---|---|
| 001 | 000022558 | ||
| 005 | 20200930021656.0 | ||
| 008 | 101013s1998 dr c 000 0 spa d | ||
| 040 |
_aDO-SdBNP _bspa _cBNPHU |
||
| 082 |
_axxx _bM722c |
||
| 100 | 1 |
_aMolina, Antonio J. _933292 |
|
| 245 | 1 | 0 |
_a150 años de zarzuela en Puerto Rico y Cuba / _cAntonio J. Molina; prólogo Ignacio Morales Nieva. |
| 246 | 1 | 2 | _aCiento cincuenta años de Zarzuela en Puerto Rico y Cuba |
| 260 |
_aSan Juan : _bRamallo Bros., _c1998. |
||
| 300 |
_a702 p. : _bretrs. ; _c23 cm. |
||
| 500 | _aIncluye datos biográficos del autor en la contracubierta | ||
| 504 | _aBibliografías [p. 697-702] | ||
| 700 | 1 |
_aMorales Nieva, Ignacio _epról. _946434 |
|
| 049 | _aBNPD | ||
| 999 |
_c22055 _d22055 |
||